Central Library OPAC University of Rajshahi

মানুষ ও তার পরিবেশ / (Record no. 44528)

MARC details
000 -LEADER
fixed length control field 00856nam a2200241 a 4500
001 - CONTROL NUMBER
control field 44528
003 - CONTROL NUMBER IDENTIFIER
rucl marc code BD-RjUL
005 - DATE AND TIME OF LATEST TRANSACTION
control field 20211209053856.0
008 - FIXED-LENGTH DATA ELEMENTS--GENERAL INFORMATION
fixed length control field 160718s1988 bg ||||| |||| 00| 0 ben d
020 ## - INTERNATIONAL STANDARD BOOK NUMBER
Terms of availability : Tk. 50.00
035 ## - SYSTEM CONTROL NUMBER
System control number (BD-RjUL)44646
040 ## - CATALOGING SOURCE
Original cataloging agency BD-RjUL
Language of cataloging ben
Transcribing agency BD-RjUL
041 ## - LANGUAGE CODE
Language code of text/sound track or separate title ben
082 ## - DEWEY DECIMAL CLASSIFICATION NUMBER
Edition number 23
Classification number 304.2
Author mark and year HAM 1988
100 ## - MAIN ENTRY--PERSONAL NAME
Personal name হক, আবুল কাসেম ফজলুল
9 (RLIN) 136649
245 10 - TITLE STATEMENT
Title মানুষ ও তার পরিবেশ /
Statement of responsibility, etc. আবুল কাসেম ফজলুল হক
260 ## - PUBLICATION, DISTRIBUTION, ETC. (IMPRINT)
Place of publication, distribution, etc. ঢাকা :
Name of publisher, distributor, etc. বাংলা একাডেমী,
Date of publication, distribution, etc. ১৯৮৮
300 ## - PHYSICAL DESCRIPTION
Pagination ২১০ পৃ. ;
Size ২২ সেমি.
490 ## - SERIES STATEMENT
Series statement বা. এ. ;
Volume/sequential designation ২০৯২
650 ## - SUBJECT ADDED ENTRY--TOPICAL TERM
Topical term or geographic name as entry element মানুষ পরিবেশবিদ্যা
9 (RLIN) 136650
Topical term or geographic name as entry element Human ecology
9 (RLIN) 136651
942 ## - ADDED ENTRY ELEMENTS (KOHA)
Source of classification or shelving scheme Dewey Decimal Classification
Koha item type Books
Holdings
Lost status Source of classification or shelving scheme Damaged status Not for loan Collection code Permanent Location Current Location Shelving location Date acquired Source of acquisition Total Checkouts Full call number Date last seen Date checked out Copy number Koha item type
  Dewey Decimal Classification     Non-fiction Central Library, University of Rajshahi Central Library, University of Rajshahi   04/10/1992 Bangla Academy, Dhaka 1 B 304.2 HAM 1988 04/01/2017 22/11/2016 C-2 Books